01298cam a22002891 450000100060000000300080000600500170001400800390003103500190007003500180008904000470010704100080015408200210016210000450018324501950022826000580042330000640048150000590054550400300060465000370063465100370067165100680070865100680077694200120084499900170085695201350087327053BD-RjUL20211209051115.0140324s1950 enkabch b 000 0 eng a(BD-RjUL)27124 a(OCoLC)935448 aDLCcPBmdOCoLCdNNdUkdDLCdBD-RjULbeng aeng a972.99bWIB 19501 aWilkinson, Henry Campbell.d1893-98309210aBermuda in the old Empire :ba history of the island from the dissolution of the Somers Island Company until the end of the American Revolutionary War: 1684-1784 /cHenry Campbell Wilkinson. aLondon :aNew York ;bOxford University Press,c1950. axi, 457 p. :billus., ports., fold. map, facsims. ;c23 cm. a"A continuation of ... Adventurers of Bermuda."--Pref. aBibliography: p. 442-447. 0aSlaveryzBermuda Islands.983093 0aBermuda IslandsxHistory.983094 0aGreat BritainxColonieszAmericaxHistoryy18th century.983095 0aGreat BritainxColonieszAmericaxHistoryy17th century.983096 2ddccBK c27053d27053 00102ddc40728NFICaRUCLbRUCLcReadingd1955-06-22eO.U.Pg16.14l0o972.99 WIB 1950r2014-03-24 00:00:00tC-1w2014-03-24yBK